Beautés de monde invisible

Spremljeno u:
Bibliografski detalji
Format: Knjiga
Jezik:Undetermined
Izdano: Paris Larousse 1960
Teme:
Oznake: Dodaj oznaku
Bez oznaka, Budi prvi tko označuje ovaj zapis!
Thư viện lưu trữ: Trung tâm Học liệu Trường Đại học Cần Thơ
LEADER 00395nam a2200157Ia 4500
001 CTU_26667
008 210402s9999 xx 000 0 und d
082 |a 779 
082 |b B384 
245 0 |a Beautés de monde invisible 
260 |a Paris 
260 |b Larousse 
260 |c 1960 
650 |a photographs 
904 |i Minh, 981016 
980 |a Trung tâm Học liệu Trường Đại học Cần Thơ